International Journal of Obstetrics and Gynaecology Nursing 2019-2021 (Record no. 356421)
[ view plain ]
| 000 -LEADER | |
|---|---|
| fixed length control field | 00391nam a22001337a 4500 |
| 008 - FIXED-LENGTH DATA ELEMENTS--GENERAL INFORMATION | |
| fixed length control field | 231027b |||||||| |||| 00| 0 eng d |
| 041 ## - LANGUAGE CODE | |
| Language code of text/sound track or separate title | eng |
| 082 ## - DEWEY DECIMAL CLASSIFICATION NUMBER | |
| Item number | SRI |
| 110 ## - MAIN ENTRY--CORPORATE NAME | |
| Corporate name or jurisdiction name as entry element | Srinivasan, Prakash |
| 245 ## - TITLE STATEMENT | |
| Title | International Journal of Obstetrics and Gynaecology Nursing 2019-2021 |
| Remainder of title | Volume No. 6 to 8 Year |
| 260 ## - PUBLICATION, DISTRIBUTION, ETC. | |
| Place of publication, distribution, etc. | Chennai |
| Name of publisher, distributor, etc. | McMed International |
| 300 ## - PHYSICAL DESCRIPTION | |
| Extent | 255P. |
| 942 ## - ADDED ENTRY ELEMENTS (KOHA) | |
| Koha item type | Bound Volume |
| Withdrawn status | Lost status | Source of classification or shelving scheme | Damaged status | Not for loan | Home library | Current library | Date acquired | Total Checkouts | Full call number | Barcode | Date last seen | Price effective from | Koha item type |
|---|---|---|---|---|---|---|---|---|---|---|---|---|---|
| Dewey Decimal Classification | Sitabai Nargundkar College of Nursing Nagpur | Sitabai Nargundkar College of Nursing Nagpur | 27/10/2023 | SRI | SNCN-BV-97 | 27/10/2023 | 27/10/2023 | Bound Volume |